Understanding careers

Պահպանված է:
Մատենագիտական մանրամասներ
Հիմնական հեղինակ: INKSON, Kenr
Ձևաչափ: Գիրք
Լեզու:անգլերեն
Հրապարակվել է: Sage Publications, 2015.
Ցուցիչներ: Ավելացրեք ցուցիչ
Չկան պիտակներ, Եղեք առաջինը, ով նշում է այս գրառումը!

MARC

LEADER 00000nam a22000007a 4500
008 210528b ||||| |||| 00| 0 eng d
020 |a 978-1-4462-8292-2 
100 |a INKSON, Kenr. 
245 |a Understanding careers   |c Kner Inkson, Nicky Dries and John Arnold  |g xxiii, 406p.: ill.  
250 |b 2nd ed. 
260 |b Sage Publications,   |c 2015.   |h Los Angeles:   |i 693405   |i 693406   |l HF5381 .In5  |m Career development.   |m Vocational guidance.   |m Occupations.   |m Professions.  |m Quality of work life.  
500 |a “It includes references and index”. 
942 |a lcc  |c BK  |e Adeniran, F. A.  |f 28/05/2021 
952 |0 0  |1 0  |2 ddc  |4 0  |6 HF_5381_000000000000000__IN5  |7 0  |9 2511  |a HOL  |b SSL  |c GJ  |d 2021-05-28  |l 0  |o HF5381 .In5  |p 2021-6363  |r 2021-05-28 00:00:00  |w 2021-05-28  |y BK 
952 |0 0  |1 0  |2 lcc  |4 0  |6 HF5381 I N5  |7 0  |9 2512  |a HOL  |b HOL  |c GJ  |d 2021-05-28  |l 0  |o HF5381 .In5  |p 2021-6364  |r 2021-05-28 00:00:00  |w 2021-05-28  |y BK 
999 |c 1307  |d 1307